04098cam a22005054i 4500003000900000005001700009008004100026020001800067035002000085040003300105049000900138082001800147100002800165245011800193264004200311300003800353336002100391337002500412338002300437504004000460504003400500505239700534526001002931526001002941526001002951526001002961526000802971526000802979526000802987526000802995526000803003526000803011526000803019600003003027650002603057650002403083700003703107910002803144942001403172994001403186596000603200999016203206980005503368952016903423PE-LiUPU20250731173055.0180313s2014 xxu rb 001 0 spa d a9781890718817 a(Sirsi) a241555 aPE-LiUPUbspacPE-LiUPUerda aPRUA04a248.4bJ62221 aBaker, LeGrand,eautor.10aJosé y Moroni :b7 principios que Moroni enseñó a José Smith /cLeGrand L. Baker, Christopher J. Coleman. 1aSalt Lake City :bEborn books,c2014. a148 páginas ;c23 centímetros atext2rdacontent aunmediated2rdamedia avolume2rdacarrier aBibliografía : páginas 120-122. aÍndice : páginas 125-148.0 aPrimer principio: El no hablar tan abiertamente de cosas sagradas -- Una amistad extraordinaria -- La primera visión -- José aprende a no hablar tan abiertamente acerca de las cosas sagradas -- Segundo principio: La necesidad de aprender a reconocer el sentimiento que identifica al Espíritu Santo -- José conoce a Moroni -- ¿Quién fue Moroni? El mensaje de Moroni a José -- La cuarta visita de Moroni -- José encuentra las planchas -- Moroni muestra a José la diferencia entre el bien y el mal -- Tercer principio: La integridad es el cumplir con los convenios que uno hace con Dios -- José le enseña a su familia acerca de la gente del libro de Mormón -- José va al cerro de Cumorah por segunda vez -- Otra lección acerca de la obediencia -- Cuarto principio: En ocasiones los profetas deben tomar sus propias decisiones -- José va al cerro por tercera vez -- Un profeta no es un títere -- Últimos preparativos de José para recibir las planchas -- José recibe las planchas -- José y Emma se mudan a Harmony, Pensilvania -- Quinto principio: La amistad, por muy importante que sea, no es tan importante como el guardar los mandamientos de Dios -- José empieza a traducir las planchas -- Problemas con Lucy Harris -- Martín Harris y el profesor Charles Anthon -- Más problemas con la Señora Harris -- La pérdida de las 116 páginas -- ¿Qué sucedió con las 116 páginas? -- Última lección para José acerca de la obediencia -- Sexto principio: El señor ya ha planificado el éxito de sus hijos -- A José se le manda traducir las planchas menores de Nefi -- Oliverio Cowdery viene a ayudar a José -- La restauración del sacerdocio de Melquisedec -- Los Whitmer se preparan para recibir a sus invitados -- Moroni transporta las planchas por José -- Séptimo principio: El señor proporciona la ayuda que él que sabe que necesitamos -- Mary Whitmer ve a Moroni y las planchas -- El testimonio de Sarah Conrad -- Ángeles ayudan a José a traducir -- El testimonio de los tres testigos -- El testimonio de los ocho testigos -- Cómo leer, entender, y obtener un testimonio del libro de Mormón -- Conclusión: José y Moroni tuvieron éxito en sus misiones -- ¿Qué sucedió con las planchas de oro? -- José había aprendido a ser un profeta -- Referencias -- Bibliografía -- Sobre los autores -- Índice. aSEG42 aSEG41 aSEG40 aSEG39 aP94 aP87 aP86 aP85 aP77 aP76 aP351 aSmith, Josephd1805-1844.04aTeologíaxTheology.04aDoctrinaxDoctrine.1 aColeman, Christopher J.,eautor. adbmbwmmcwmmd20180313 2ddccBOOK aC0bPEPRU a1 a248.4 J6wDEWEYc27167i78374d27167f2021-11-10g4lCCODEBUL1mBULp20.00q1r0sYtBOOKu2018-3-13xTEOLOGIAPP350DONACIONo.STAFF. Colección Teología 81gALBERTO SANCHEZ Responsable de Automatización r2025-12-03 00:00:00i5l0o248.4 J6p78374te1v25.00w2018-03-13xFTyBKzinventario-2023-12-13102ddc50708GENfP35aBULbBULcGENd2018-03-13eDONACIONg20.00